[Event "NK Senioren en Veteranen 2018"]
[Site "Dieren, Netherlands"]
[Date "2018.07.17"]
[Round "4"]
[White "Overeem, Marc"]
[Black "Sprinkhuizen, Arno"]
[Result "1-0"]
[WhiteElo "2198"]
[BlackElo "2014"]
[PlyCount "93"]
[EventDate "2018.??.??"]

1. c4 c5 2. Nf3 Nc6 3. d4 cxd4 4. Nxd4 e5 5. Nb5 a6 6. Nd6+ Bxd6 7. Qxd6 Qe7 8.
Qd1 Qb4+ 9. Nd2 Nf6 10. e3 O-O 11. Be2 d5 12. a3 Qa5 13. O-O Be6 14. b4 Qc7 15.
cxd5 Nxd5 16. Bb2 Rac8 17. Rc1 f6 18. Ne4 Nde7 19. Nc5 Bf7 20. Qc2 Nb8 21. Qb1
Qb6 22. Bf3 Nec6 23. Bg4 Rce8 24. Rfd1 Re7 25. Bf5 g6 26. Be4 Rd8 27. Rxd8+
Nxd8 28. Qd3 Ne6 29. Na4 Qa7 30. g3 b5 31. Nc5 Nxc5 32. Rxc5 Rd7 33. Qc2 Bc4
34. h4 Rc7 35. Qd2 Rxc5 36. Qd8+ Kg7 37. bxc5 Qd7 38. Qxb8 Qd1+ 39. Kh2 Qd2 40.
Qb7+ Kh6 41. Qe7 Qxf2+ 42. Bg2 Bd5 43. e4 Bxe4 44. Bc1+ Kh5 45. Qxh7+ Kg4 46.
Qd7+ f5 47. Qd1+ 1-0

[Event "NK Senioren en Veteranen 2018"]
[Site "Dieren, Netherlands"]
[Date "2018.07.17"]
[Round "4"]
[White "Smeets, Pierre"]
[Black "Etmans, Maarten"]
[Result "1/2-1/2"]
[WhiteElo "1930"]
[BlackElo "2014"]
[PlyCount "36"]
[EventDate "2018.??.??"]

1. Nf3 e6 2. c4 Nf6 3. g3 b6 4. Bg2 Bb7 5. O-O c5 6. Nc3 Be7 7. d4 cxd4 8. Qxd4
O-O 9. Bf4 Nc6 10. Qd2 Na5 11. b3 d5 12. cxd5 Nxd5 13. Nxd5 Bxd5 14. Rfd1 Nc6
15. Ne5 Bxg2 16. Qxd8 Rfxd8 17. Kxg2 Nxe5 18. Bxe5 Bf6 1/2-1/2

[Event "NK Senioren en Veteranen 2018"]
[Site "Dieren, Netherlands"]
[Date "2018.07.17"]
[Round "4"]
[White "Selten, Jan"]
[Black "Viergever, Max"]
[Result "1-0"]
[WhiteElo "2110"]
[BlackElo "2033"]
[PlyCount "91"]
[EventDate "2018.??.??"]

1. e4 d5 2. exd5 Nf6 3. Bb5+ Nbd7 4. Nf3 Nxd5 5. d4 e6 6. O-O Bd6 7. c4 N5f6 8.
Bg5 O-O 9. Nc3 Be7 10. Ba4 c6 11. Bc2 Re8 12. Re1 b6 13. d5 cxd5 14. cxd5 Nf8
15. Qe2 Nxd5 16. Nxd5 Bxg5 17. Nxg5 Bb7 18. Nxf7 Qxd5 19. Qg4 Kxf7 20. Be4 Qd7
21. Qf3+ Kg8 22. Bxb7 Rad8 23. Bc6 Qd2 24. Bxe8 Rxe8 25. Qb3 Qh6 26. Rad1 Rc8
27. Qa3 Rc2 28. Qb3 Rc8 29. Re3 Rc5 30. h3 Qh5 31. Rde1 h6 32. Qd3 Rd5 33. Qa6
Ra5 34. Qc8 Rxa2 35. Rxe6 Rxb2 36. Re8 Qf7 37. f3 a5 38. Rxf8+ Qxf8 39. Re8
Qxe8 40. Qxe8+ Kh7 41. g4 Rb4 42. Qd7 Kh8 43. h4 Kh7 44. Qf5+ Kg8 45. g5 hxg5
46. hxg5 1-0

[Event "NK Senioren en Veteranen 2018"]
[Site "Dieren, Netherlands"]
[Date "2018.07.17"]
[Round "4"]
[White "Goris, Ton"]
[Black "Erwich, Frans"]
[Result "1/2-1/2"]
[WhiteElo "1916"]
[BlackElo "1925"]
[PlyCount "102"]
[EventDate "2018.??.??"]

1. e4 c5 2. c3 d5 3. exd5 Qxd5 4. Nf3 Nf6 5. d4 Nc6 6. dxc5 Qxc5 7. Be3 Qd5 8.
Na3 Bg4 9. Be2 O-O-O 10. O-O e5 11. Qa4 e4 12. Nd4 Bxe2 13. Nxe2 Bd6 14. h3 Qe5
15. Bf4 Qa5 16. Qxa5 Nxa5 17. Bxd6 Rxd6 18. Nd4 Rd5 19. Rfe1 Rhd8 20. Re2 Nc6
21. Nac2 Nxd4 22. Nxd4 a6 23. a4 b6 24. Rae1 Kb7 25. Re3 R8d7 26. g3 g6 27. Kh2
b5 28. axb5 axb5 29. Ra1 b4 30. Ra4 bxc3 31. Rb4+ Kc8 32. Rxc3+ Rc7 33. Rxc7+
Kxc7 34. Nb5+ Kc6 35. Nc3 Rd2 36. Kg1 e3 37. fxe3 Nh5 38. Ne4 Re2 39. g4 Ng7
40. Rb3 f5 41. Ng3 Rd2 42. gxf5 Nxf5 43. Nxf5 gxf5 44. Rc3+ Kd5 45. b4 Rb2 46.
Rc5+ Ke4 47. b5 h5 48. h4 Re2 49. Rc1 Rb2 50. Rc5 Re2 51. Rc1 Rb2 1/2-1/2

[Event "NK Senioren en Veteranen 2018"]
[Site "Dieren, Netherlands"]
[Date "2018.07.18"]
[Round "5"]
[White "Van Rijn, Anton"]
[Black "Van Lanen, Toon"]
[Result "1/2-1/2"]
[WhiteElo "2203"]
[BlackElo "2161"]
[PlyCount "126"]
[EventDate "2018.??.??"]

1. d4 Nf6 2. Nf3 e6 3. c4 b6 4. g3 Ba6 5. Qa4 Bb7 6. Bg2 Be7 7. O-O O-O 8. Nc3
Ne4 9. Qc2 Nxc3 10. Qxc3 c5 11. b3 Bf6 12. Bb2 Nc6 13. Qd2 d5 14. dxc5 Bxb2 15.
Qxb2 bxc5 16. cxd5 exd5 17. Rfd1 Ne7 18. Rac1 Qd6 19. Qa3 Rfc8 20. Rd2 Rc6 21.
e3 Rac8 22. h4 Ra6 23. Qb2 Rb6 24. Ng5 Qg6 25. Qe5 Qf6 26. Qxf6 Rxf6 27. Rdc2
Rfc6 28. Nh3 R6c7 29. Nf4 g6 30. Nd3 c4 31. bxc4 Ba6 32. Nb4 Rxc4 33. a3 Kf8
34. Bf1 Rxc2 35. Rxc2 Rxc2 36. Nxc2 Bc4 37. Bxc4 dxc4 38. e4 Nc6 39. f4 Ke7 40.
Kf2 Kd6 41. Ke3 Kc5 42. g4 h6 43. h5 gxh5 44. gxh5 a5 45. Kd2 Nd4 46. Ne3 Ne6
47. Kc3 Nxf4 48. Nxc4 Nxh5 49. Nxa5 Nf4 50. Nb7+ Kb6 51. Nd6 h5 52. Nxf7 h4 53.
Ne5 Kc5 54. a4 h3 55. Nf3 Ne2+ 56. Kd3 Ng3 57. e5 Kb4 58. e6 Nf5 59. Ke4 Ne7
60. Kf4 Kxa4 61. Kg3 Kb5 62. Kxh3 Kc5 63. Kg4 Kd5 1/2-1/2

[Event "NK Senioren en Veteranen 2018"]
[Site "Dieren, Netherlands"]
[Date "2018.07.18"]
[Round "5"]
[White "Vogel, Jaap"]
[Black "Van den Berg, Ad"]
[Result "0-1"]
[WhiteElo "2172"]
[BlackElo "2221"]
[PlyCount "78"]
[EventDate "2018.??.??"]

1. d4 Nf6 2. Nf3 g6 3. g3 Bg7 4. Bg2 O-O 5. O-O c6 6. c4 d6 7. Nc3 Qa5 8. h3
Be6 9. Nd2 Na6 10. a3 Rfc8 11. e3 d5 12. b4 Qd8 13. c5 b5 14. a4 Nxb4 15. axb5
cxb5 16. Nxb5 Qd7 17. Qa4 Rcb8 18. Nc3 Bxh3 19. Qxd7 Bxd7 20. Ba3 Bc6 21. Bxb4
Rxb4 22. Ra6 Bb7 23. Ra2 e6 24. Rfa1 Nd7 25. Ra5 a6 26. R5a3 Bf6 27. Nb3 Bd8
28. f4 Nb8 29. Na5 Bxa5 30. Rxa5 Nc6 31. R5a4 a5 32. Bf1 Ba6 33. Rxb4 axb4 34.
Nxd5 exd5 35. Rxa6 Rxa6 36. Bxa6 b3 37. Bd3 Nb4 38. Bb1 Kf8 39. Kf2 Nc2 0-1

[Event "NK Senioren en Veteranen 2018"]
[Site "Dieren, Netherlands"]
[Date "2018.07.18"]
[Round "5"]
[White "Perrenet, Jacob"]
[Black "Overeem, Marc"]
[Result "1-0"]
[WhiteElo "2043"]
[BlackElo "2198"]
[PlyCount "87"]
[EventDate "2018.??.??"]

1. f4 d5 2. Nf3 g6 3. g3 Bg7 4. Bg2 Nf6 5. c3 O-O 6. d3 c5 7. O-O Nc6 8. Qc2 d4
9. Na3 Nd5 10. Bd2 Rb8 11. Nc4 dxc3 12. bxc3 b5 13. Nce5 Nxe5 14. Nxe5 Bb7 15.
Rab1 a6 16. e4 Nc7 17. Be3 Ne6 18. Bh3 Qd6 19. Nf3 Rbd8 20. Rbd1 b4 21. f5 gxf5
22. exf5 Nc7 23. Bf4 Qb6 24. c4 Bxf3 25. Rxf3 e5 26. Bg5 f6 27. Be3 Rf7 28. Bg2
Rfd7 29. Rff1 Kh8 30. Kh1 a5 31. g4 Ne8 32. Be4 Nd6 33. Bd5 Nc8 34. Bf3 Ne7 35.
Qf2 Rc8 36. h4 a4 37. Be4 Bf8 38. g5 Nc6 39. Qf3 Nd4 40. Qh5 b3 41. axb3 axb3
42. gxf6 Qxf6 43. Rg1 Rg7 44. Bg5 1-0

[Event "NK Senioren en Veteranen 2018"]
[Site "Dieren, Netherlands"]
[Date "2018.07.18"]
[Round "5"]
[White "Jonkman, Fokke"]
[Black "Schouten, Nico"]
[Result "0-1"]
[WhiteElo "1964"]
[BlackElo "2147"]
[PlyCount "90"]
[EventDate "2018.??.??"]

1. c4 g6 2. e4 Bg7 3. d4 d6 4. Nc3 Nf6 5. Be2 O-O 6. Bg5 c6 7. Nf3 Nbd7 8. Qd2
a6 9. a4 Re8 10. O-O Qc7 11. Rfe1 e5 12. Bf1 exd4 13. Nxd4 Nc5 14. f3 Nfd7 15.
Rad1 Qb6 16. Be3 Qb4 17. Qc2 a5 18. Kh1 Nf8 19. Na2 Qb6 20. Nc3 Bd7 21. Qf2
Rad8 22. h3 Bc8 23. g4 Qb4 24. Qc2 Nfe6 25. Nce2 Qxa4 26. b3 Qb4 27. Rb1 Nxd4
28. Nxd4 Ne6 29. Ne2 Nc5 30. Bg5 Rd7 31. Bd2 Qb6 32. Nc3 Qd8 33. Be3 Qf6 34.
Rbc1 Qxf3+ 35. Bg2 Qg3 36. Re2 Rde7 37. Bf2 Qe5 38. Be1 Ne6 39. Nd1 Nd4 40. Bc3
Nxc2 41. Bxe5 Rxe5 42. Rcxc2 f5 43. gxf5 gxf5 44. Nf2 fxe4 45. Bxe4 Bf5 0-1

[Event "NK Senioren en Veteranen 2018"]
[Site "Dieren, Netherlands"]
[Date "2018.07.18"]
[Round "5"]
[White "Hummel, Joop"]
[Black "Selten, Jan"]
[Result "0-1"]
[WhiteElo "2019"]
[BlackElo "2110"]
[PlyCount "122"]
[EventDate "2018.??.??"]

1. Nf3 c5 2. e4 e6 3. d3 Nc6 4. g3 d5 5. Nbd2 Nf6 6. Bg2 Be7 7. O-O O-O 8. Re1
b6 9. e5 Nd7 10. Nf1 Re8 11. h4 f5 12. Bf4 Nf8 13. h5 g5 14. hxg6 hxg6 15. Bc1
Bb7 16. Qd2 Nd4 17. N1h2 Nxf3+ 18. Nxf3 Qd7 19. a4 Rac8 20. a5 b5 21. a6 Ba8
22. Qh6 Bd8 23. Bg5 Qh7 24. Qxh7+ Nxh7 25. Bxd8 Rexd8 26. Ra5 Rb8 27. b4 Rdc8
28. bxc5 Rxc5 29. Nd4 Nf8 30. Rb1 Kf7 31. Raxb5 Rbc8 32. Rxc5 Rxc5 33. Rb7+
Bxb7 34. axb7 Nd7 35. c4 dxc4 36. dxc4 Nb8 37. Nb5 a5 38. f4 Ke7 39. Bf1 Kd7
40. Bd3 Kc6 41. Nd6 a4 42. Bc2 Ra5 43. Bb1 Kc5 44. Ba2 Ra7 45. Kf2 Ra6 46. Nc8
Kb4 47. c5 a3 48. g4 Kxc5 49. gxf5 gxf5 50. Nd6 Rb6 51. Bxe6 a2 52. Bxa2 Rb2+
53. Kg3 Rxa2 54. Nxf5 Kd5 55. Nd6 Ke6 56. Kf3 Rb2 57. f5+ Kd5 58. f6 Nd7 59.
Kf4 Nxe5 60. f7 Nd7 61. Ne8 Ke6 0-1

[Event "NK Senioren en Veteranen 2018"]
[Site "Dieren, Netherlands"]
[Date "2018.07.18"]
[Round "5"]
[White "Sprinkhuizen, Arno"]
[Black "Smeets, Pierre"]
[Result "0-1"]
[WhiteElo "2014"]
[BlackElo "1930"]
[PlyCount "76"]
[EventDate "2018.??.??"]

1. e4 e6 2. d4 d5 3. e5 c5 4. c3 Qb6 5. Nf3 Nc6 6. a3 Nh6 7. Bd3 cxd4 8. cxd4
Bd7 9. Bc2 Nf5 10. Bxf5 exf5 11. Nc3 Be6 12. O-O h6 13. b4 Rc8 14. Bb2 Be7 15.
Rc1 O-O 16. Na4 Qb5 17. Qb3 Na5 18. Qa2 Qxa4 19. bxa5 Qxa5 20. Qb3 b6 21. Qd3
Qa4 22. Nd2 Rxc1 23. Rxc1 Rc8 24. f4 Rxc1+ 25. Bxc1 Bc8 26. Nf3 g6 27. Kf2 Ba6
28. Qe3 Qc2+ 29. Qd2 Qxd2+ 30. Nxd2 Kf8 31. Nb1 Ke8 32. Ke3 Kd7 33. Kd2 Kc6 34.
Kc3 Bc4 35. g3 b5 36. Nd2 a5 37. Nxc4 dxc4 38. a4 Bb4+ 0-1

[Event "NK Senioren en Veteranen 2018"]
[Site "Dieren, Netherlands"]
[Date "2018.07.18"]
[Round "5"]
[White "Etmans, Maarten"]
[Black "Goris, Ton"]
[Result "1-0"]
[WhiteElo "2014"]
[BlackElo "1916"]
[PlyCount "79"]
[EventDate "2018.??.??"]

1. b3 g6 2. Bb2 Nf6 3. e3 Bg7 4. Nf3 O-O 5. c4 c5 6. Be2 Nc6 7. O-O d5 8. cxd5
Nb4 9. Nc3 Nfxd5 10. Na4 Bxb2 11. Nxb2 b6 12. a3 Nc6 13. Rc1 Bb7 14. d4 cxd4
15. Nxd4 Nxd4 16. Qxd4 Rc8 17. Bf3 e6 18. Nc4 Qe7 19. Rfd1 Rc7 20. e4 Nf4 21.
Qd6 Qxd6 22. Nxd6 Rd7 23. Nxb7 Rxb7 24. e5 Re7 25. Rc4 g5 26. Be4 Kg7 27. g3
Ng6 28. Bxg6 Kxg6 29. f4 h6 30. Kf2 f5 31. Rd6 g4 32. a4 h5 33. b4 Kf7 34. Kg2
Rh8 35. h4 Rb8 36. Rcc6 Rbb7 37. Kf2 Rbc7 38. Rxe6 Rxc6 39. Rxc6 Rd7 40. e6+
1-0

[Event "NK Senioren en Veteranen 2018"]
[Site "Dieren, Netherlands"]
[Date "2018.07.18"]
[Round "5"]
[White "Viergever, Max"]
[Black "Erwich, Frans"]
[Result "1-0"]
[WhiteElo "2033"]
[BlackElo "1925"]
[PlyCount "120"]
[EventDate "2018.??.??"]

1. e4 e5 2. Nf3 Nc6 3. Nc3 Nf6 4. d4 exd4 5. Nxd4 Bb4 6. Nxc6 bxc6 7. Bd3 d5 8.
exd5 cxd5 9. O-O O-O 10. Bg5 c6 11. Qf3 Bd6 12. Rfe1 Rb8 13. Rab1 h6 14. Bxf6
Qxf6 15. Qxf6 gxf6 16. h3 Be6 17. Ne2 c5 18. c3 d4 19. b3 dxc3 20. Nxc3 Be5 21.
Ne4 Rbc8 22. Rbc1 Bd4 23. Kf1 Rfd8 24. Bc4 Bf5 25. Ng3 Bg6 26. Re7 Bb2 27. Rce1
Bc3 28. R1e3 Rd1+ 29. Ke2 Rd2+ 30. Kf3 Bd4 31. Re2 Rxe2 32. Kxe2 a5 33. Ra7
Re8+ 34. Kf1 Bc3 35. Ne2 Bb4 36. g3 Kf8 37. Nf4 Re1+ 38. Kg2 Re7 39. Rxe7 Kxe7
40. Nd5+ Kd6 41. Nxf6 Bc3 42. Ng4 h5 43. Ne3 f6 44. f4 Be4+ 45. Kf2 Bb4 46. Bf7
Bb1 47. a4 Ba2 48. Ke2 Ke7 49. Bc4 Kf8 50. Kd1 Bb1 51. Be2 Bg6 52. Bc4 Bc3 53.
Ke2 Bd4 54. Nd5 Be4 55. Ne3 Kg7 56. Bd3 Bg6 57. Bxg6 Kxg6 58. g4 hxg4 59. hxg4
Kf7 60. Kd3 f5 1-0

[Event "NK Senioren en Veteranen 2018"]
[Site "Dieren, Netherlands"]
[Date "2018.07.19"]
[Round "6"]
[White "Schouten, Nico"]
[Black "Van den Berg, Ad"]
[Result "1-0"]
[WhiteElo "2147"]
[BlackElo "2221"]
[PlyCount "49"]
[EventDate "2018.??.??"]

1. d4 d6 2. Nf3 g6 3. e3 Bg7 4. Be2 e5 5. dxe5 dxe5 6. Qxd8+ Kxd8 7. Bc4 f6 8.
Nc3 c6 9. Bd2 Nd7 10. Ne4 Nh6 11. O-O-O Kc7 12. h3 b5 13. Ba5+ Nb6 14. Bb3 Bf5
15. Nfd2 Rad8 16. g4 Bxe4 17. Nxe4 Kb8 18. Nc5 Rhe8 19. Ne6 Rxd1+ 20. Rxd1 Bf8
21. Nxf8 Rxf8 22. Bb4 Re8 23. Rd6 Ng8 24. Rxc6 f5 25. Bd6+ 1-0

[Event "NK Senioren en Veteranen 2018"]
[Site "Dieren, Netherlands"]
[Date "2018.07.19"]
[Round "6"]
[White "Van Lanen, Toon"]
[Black "Perrenet, Jacob"]
[Result "1-0"]
[WhiteElo "2161"]
[BlackElo "2043"]
[PlyCount "35"]
[EventDate "2018.??.??"]

1. e4 Nc6 2. d4 d5 3. Nc3 e6 4. Nf3 Nf6 5. Bd3 Bb4 6. Bg5 h6 7. Bxf6 Qxf6 8.
O-O Bxc3 9. bxc3 O-O 10. Rb1 b6 11. Re1 Bb7 12. Qc1 Rad8 13. Qa3 Rfe8 14. exd5
Rxd5 15. Rb5 Red8 16. Qb2 Rxb5 17. Qxb5 Rd5 18. Qxd5 1-0

[Event "NK Senioren en Veteranen 2018"]
[Site "Dieren, Netherlands"]
[Date "2018.07.19"]
[Round "6"]
[White "Overeem, Marc"]
[Black "Van Rijn, Anton"]
[Result "0-1"]
[WhiteElo "2198"]
[BlackElo "2203"]
[PlyCount "56"]
[EventDate "2018.??.??"]

1. c4 g6 2. e4 Bg7 3. d4 d6 4. Nc3 e5 5. dxe5 dxe5 6. Qxd8+ Kxd8 7. f4 Be6 8.
Nf3 Nd7 9. Ng5 exf4 10. Bxf4 Be5 11. g3 Ngf6 12. O-O-O Ke7 13. Nd5+ Bxd5 14.
exd5 Bxf4+ 15. gxf4 Rhe8 16. Bg2 h6 17. Ne4 Nxe4 18. Bxe4 Kd6 19. Rhe1 Re7 20.
Bc2 Rae8 21. Rxe7 Rxe7 22. Kd2 a5 23. Rf1 Kc5 24. Rf3 Nf6 25. f5 g5 26. Rh3 h5
27. Bd3 Re5 28. Bc2 b6 0-1

[Event "NK Senioren en Veteranen 2018"]
[Site "Dieren, Netherlands"]
[Date "2018.07.19"]
[Round "6"]
[White "Jonkman, Fokke"]
[Black "Vogel, Jaap"]
[Result "0-1"]
[WhiteElo "1964"]
[BlackElo "2172"]
[PlyCount "70"]
[EventDate "2018.??.??"]

1. c4 f5 2. Nf3 Nf6 3. g3 g6 4. b4 Bg7 5. Bb2 O-O 6. Bg2 d6 7. O-O e5 8. d3 a5
9. a3 Qe7 10. e3 Nbd7 11. Nc3 c6 12. e4 f4 13. Qe2 fxg3 14. hxg3 Nh5 15. Qe3
Ndf6 16. Nh2 Ng4 17. Nxg4 Bxg4 18. f3 Be6 19. Ne2 Bf6 20. f4 exf4 21. Bxf6 Qxf6
22. Nxf4 Nxf4 23. gxf4 axb4 24. e5 dxe5 25. fxe5 Qe7 26. Rxf8+ Rxf8 27. axb4
Qxb4 28. Rc1 Rd8 29. Bf1 Qb2 30. Kh1 Rd4 31. Be2 Bg4 32. e6 Bxe2 33. Re1 Rh4+
34. Kg1 Rg4+ 35. Kh1 Bxd3 0-1

[Event "NK Senioren en Veteranen 2018"]
[Site "Dieren, Netherlands"]
[Date "2018.07.19"]
[Round "6"]
[White "Goris, Ton"]
[Black "Smeets, Pierre"]
[Result "1/2-1/2"]
[WhiteElo "1916"]
[BlackElo "1930"]
[PlyCount "28"]
[EventDate "2018.??.??"]

1. e4 c6 2. d4 d5 3. e5 c5 4. dxc5 Nc6 5. Bb5 e6 6. Be3 Bd7 7. Bxc6 Bxc6 8. Nf3
Nh6 9. Nd4 Qc7 10. Nxc6 Qxc6 11. O-O Bxc5 12. Bxc5 Qxc5 13. c3 Nf5 14. Nd2 Rc8
1/2-1/2

[Event "NK Senioren en Veteranen 2018"]
[Site "Dieren, Netherlands"]
[Date "2018.07.19"]
[Round "6"]
[White "Sprinkhuizen, Arno"]
[Black "Viergever, Max"]
[Result "0-1"]
[WhiteElo "2014"]
[BlackElo "2033"]
[PlyCount "118"]
[EventDate "2018.??.??"]

1. e4 c5 2. d4 cxd4 3. c3 dxc3 4. Nxc3 Nc6 5. Nf3 d6 6. Bc4 e6 7. O-O Nf6 8.
Qe2 Be7 9. Rd1 Bd7 10. Bg5 Qb8 11. Rd2 h6 12. Bxf6 Bxf6 13. Nb5 O-O 14. Rxd6
Be8 15. Rad1 a6 16. Nc3 Ne5 17. Nxe5 Bxe5 18. R6d3 b5 19. Rd8 Qxd8 20. Rxd8
Rxd8 21. Bb3 Bc6 22. Qe3 Bd4 23. Qg3 Bxc3 24. Qxc3 Bxe4 25. Qa5 Bd5 26. Bxd5
Rxd5 27. g3 Rd6 28. a4 bxa4 29. Qxa4 Rb8 30. b4 Kf8 31. Qc2 Rdb6 32. Qh7 f6 33.
Qd3 R8b7 34. Kg2 Kf7 35. Qc4 Rb5 36. h4 R7b6 37. h5 Rb7 38. Qe4 Rxb4 39. Qg6+
Kf8 40. Qd3 R4b6 41. Qd8+ Kf7 42. Qc8 Re7 43. Qc2 a5 44. Qc5 Ra6 45. Qb5 Raa7
46. Qa4 Reb7 47. f3 Rb4 48. Qc2 a4 49. Qg6+ Kf8 50. Qc2 Rbb7 51. Qc5+ Kf7 52.
Qa3 Rb3 53. Qc5 Rab7 54. Qa5 a3 55. Kh3 Rxf3 56. Qa8 Rfb3 57. Qa4 R3b5 58. Qxa3
Rxh5+ 59. Kg2 Rg5 0-1

[Event "NK Senioren en Veteranen 2018"]
[Site "Dieren, Netherlands"]
[Date "2018.07.19"]
[Round "6"]
[White "Erwich, Frans"]
[Black "Hummel, Joop"]
[Result "0-1"]
[WhiteElo "1925"]
[BlackElo "2019"]
[PlyCount "50"]
[EventDate "2018.??.??"]

1. e4 c5 2. Nf3 d6 3. d4 cxd4 4. Nxd4 Nf6 5. Nc3 a6 6. g3 e6 7. Bg2 Be7 8. O-O
Nbd7 9. a4 O-O 10. h3 Qc7 11. Be3 Ne5 12. Nce2 b6 13. b3 Bb7 14. f4 Ned7 15. e5
dxe5 16. fxe5 Nxe5 17. c4 Bxg2 18. Kxg2 Rfd8 19. Qc2 Qb7+ 20. Kg1 Bc5 21. Rad1
Nc6 22. Rxf6 gxf6 23. Qe4 f5 24. Qh4 Ne5 25. Rf1 Qe4 0-1

[Event "NK Senioren en Veteranen 2018"]
[Site "Dieren, Netherlands"]
[Date "2018.07.20"]
[Round "7"]
[White "Van den Berg, Ad"]
[Black "Van Lanen, Toon"]
[Result "1/2-1/2"]
[WhiteElo "2221"]
[BlackElo "2161"]
[PlyCount "50"]
[EventDate "2018.??.??"]

1. c4 e6 2. e4 d5 3. exd5 exd5 4. d4 Nf6 5. Nc3 Bb4 6. Nf3 O-O 7. h3 Ne4 8. Qb3
Qe7 9. Be2 dxc4 10. Qxc4 b5 11. Qd3 Bf5 12. Qe3 Nc6 13. O-O Nxc3 14. bxc3 Qxe3
15. Bxe3 Bxc3 16. Bxb5 Bxa1 17. Bxc6 Bb2 18. Bxa8 Rxa8 19. Bc1 Bc3 20. Bf4 Be6
21. Rc1 Ba5 22. d5 Bxd5 23. Rc5 Bxf3 24. Rxa5 Be2 25. Bxc7 a6 1/2-1/2

[Event "NK Senioren en Veteranen 2018"]
[Site "Dieren, Netherlands"]
[Date "2018.07.20"]
[Round "7"]
[White "Van Rijn, Anton"]
[Black "Perrenet, Jacob"]
[Result "1/2-1/2"]
[WhiteElo "2203"]
[BlackElo "2043"]
[PlyCount "83"]
[EventDate "2018.??.??"]

1. d4 h6 2. e4 g5 3. h4 g4 4. Nc3 d6 5. Be3 c6 6. Nge2 Qa5 7. Ng3 h5 8. a3 Bg7
9. Qd2 Na6 10. Be2 Bd7 11. f3 O-O-O 12. fxg4 hxg4 13. O-O-O Nh6 14. Kb1 Kb8 15.
Rdf1 d5 16. exd5 cxd5 17. Bxa6 bxa6 18. Nce4 Qb6 19. Nc5 Ka8 20. a4 Rb8 21. b3
Rhd8 22. Nh5 Bf8 23. Nf4 e6 24. Nfxe6 Bxe6 25. Bxh6 Bxc5 26. dxc5 Qxc5 27. Kb2
d4 28. Qd3 Rb7 29. Bf4 Bc4 30. Qe4 Bxf1 31. Rxf1 Qc3+ 32. Kb1 a5 33. Rd1 a6 34.
Rd3 Qb4 35. h5 f5 36. Qc6 Ka7 37. Kb2 Qe1 38. h6 Qe4 39. Qc5+ Ka8 40. g3 Qd5
41. Qxd5 Rxd5 42. Rd2 1/2-1/2

[Event "NK Senioren en Veteranen 2018"]
[Site "Dieren, Netherlands"]
[Date "2018.07.20"]
[Round "7"]
[White "Schouten, Nico"]
[Black "Selten, Jan"]
[Result "0-1"]
[WhiteElo "2147"]
[BlackElo "2110"]
[PlyCount "84"]
[EventDate "2018.??.??"]

1. d4 c5 2. dxc5 e6 3. Nd2 Nf6 4. Nb3 a5 5. Bf4 a4 6. Nc1 Ne4 7. Nd3 Na6 8. e3
Naxc5 9. Nf3 a3 10. Be5 axb2 11. Bxb2 Qa5+ 12. Nd2 Na4 13. Bc1 Be7 14. Qf3 Bf6
15. Rb1 d5 16. a3 O-O 17. Rb4 Bd7 18. Nxe4 dxe4 19. Qxe4 Rfc8 20. Nf4 Bc3+ 21.
Bd2 Bxd2+ 22. Kxd2 Bc6 23. Qc4 Bxg2 24. Qxc8+ Rxc8 25. Bxg2 Nc5 26. Ke2 Qxa3
27. Rhb1 Rc7 28. Bf3 Qa6+ 29. Ke1 g6 30. Be2 Qa5 31. Kf1 Ne4 32. Rxe4 Rxc2 33.
Bd3 Rd2 34. Be2 e5 35. Nh3 Rxe2 36. Kxe2 Qa2+ 37. Kf3 Qxb1 38. Rxe5 b5 39. Nf4
b4 40. Ne2 b3 41. Nc3 Qc2 42. Nb5 Qc6+ 0-1

[Event "NK Senioren en Veteranen 2018"]
[Site "Dieren, Netherlands"]
[Date "2018.07.20"]
[Round "7"]
[White "Smeets, Pierre"]
[Black "Jonkman, Fokke"]
[Result "1/2-1/2"]
[WhiteElo "1930"]
[BlackElo "1964"]
[PlyCount "67"]
[EventDate "2018.??.??"]

1. d4 c5 2. d5 g6 3. Nf3 Bg7 4. e4 Nf6 5. Nc3 O-O 6. Be2 d6 7. Nd2 Na6 8. O-O
Nc7 9. Re1 Bd7 10. a4 a6 11. a5 Rb8 12. Ra2 e5 13. Bf1 Kh8 14. Nc4 Bb5 15. Na4
Na8 16. Bd2 Ne8 17. b4 cxb4 18. Bxb4 f5 19. Nc3 Bxc4 20. Bxc4 f4 21. Be2 Nac7
22. Nb1 Nf6 23. f3 Nce8 24. c4 Nd7 25. Bd3 Rc8 26. Rb2 Rf7 27. Nc3 Nc5 28. Na4
Rcc7 29. Nxc5 dxc5 30. Bc3 Nd6 31. Qa1 Qf6 32. Rb6 Rfe7 33. Reb1 Red7 34. R1b3
1/2-1/2

[Event "NK Senioren en Veteranen 2018"]
[Site "Dieren, Netherlands"]
[Date "2018.07.20"]
[Round "7"]
[White "Hummel, Joop"]
[Black "Goris, Ton"]
[Result "1/2-1/2"]
[WhiteElo "2019"]
[BlackElo "1916"]
[PlyCount "58"]
[EventDate "2018.??.??"]

1. d4 e6 2. c4 c5 3. d5 exd5 4. cxd5 d6 5. e4 g6 6. Nc3 Bg7 7. f4 Nf6 8. Nf3
O-O 9. Be2 a6 10. O-O b5 11. e5 dxe5 12. fxe5 Ng4 13. d6 Bb7 14. Bg5 Qb6 15.
Nd5 Bxd5 16. Qxd5 Qc6 17. Qd2 Qd7 18. Be7 Nc6 19. Bxf8 Rxf8 20. a4 Ncxe5 21.
Nxe5 Bxe5 22. Bxg4 Qxg4 23. axb5 axb5 24. Ra7 Qe6 25. Qa5 Qxd6 26. Qxb5 Rb8 27.
Rb7 Rxb7 28. Qxb7 Bxh2+ 29. Kh1 Qc7 1/2-1/2

[Event "NK Senioren en Veteranen 2018"]
[Site "Dieren, Netherlands"]
[Date "2018.07.20"]
[Round "7"]
[White "Etmans, Maarten"]
[Black "Sprinkhuizen, Arno"]
[Result "0-1"]
[WhiteElo "2014"]
[BlackElo "2014"]
[PlyCount "52"]
[EventDate "2018.??.??"]

1. b3 d5 2. e3 c5 3. Bb2 Nc6 4. Nf3 Nf6 5. Be2 e6 6. O-O Be7 7. d4 O-O 8. Nbd2
a6 9. c4 cxd4 10. exd4 dxc4 11. bxc4 b6 12. Nb3 a5 13. Ne5 Bb7 14. Bf3 Qc7 15.
a4 Nxe5 16. dxe5 Bxf3 17. Qxf3 Nd7 18. Qe2 Rac8 19. Rfd1 Rfd8 20. Rac1 Nc5 21.
Nxc5 Bxc5 22. Qe4 Rd7 23. Qc2 Rcd8 24. h3 Bb4 25. Qe2 Rd2 26. Rxd2 Rxd2 0-1

[Event "NK Senioren en Veteranen 2018"]
[Site "Dieren, Netherlands"]
[Date "2018.07.20"]
[Round "7"]
[White "Erwich, Frans"]
[Black "Overeem, Marc"]
[Result "0-1"]
[WhiteElo "1925"]
[BlackElo "2198"]
[PlyCount "53"]
[EventDate "2018.??.??"]

1. c4 Nf6 2. Nc3 c5 3. g3 e6 4. Bg2 d5 5. e3 Nc6 6. b3 Be7 7. Nge2 O-O 8. O-O
dxc4 9. bxc4 Ne5 10. Rb1 Nxc4 11. Bxb7 Bxb7 12. Rxb7 Nb6 13. a4 Re8 14. a5 Nbd5
15. Qa4 Qc8 16. Rb1 Nxc3 17. dxc3 e5 18. Kg2 e4 19. c4 Qf5 20. Ng1 Red8 21. Rd1
Ng4 22. Rxd8+ Rxd8 23. Qc2 Ne5 24. Bb2 Nd3 25. Bc3 h5 26. Rb7 Bf6 27. Bxf6 0-1